| 000 | 00000nam 2200000za 4500 |
| 001 | 9.825268 |
| 003 | CaOODSP |
| 005 | 20250403105813 |
| 007 | cr ||||||||||| |
| 008 | 161003s1993 oncodba#o f001 0 fre d |
| 020 | |z0-660-94026-4 |
| 040 | |aCaOODSP|bfre |
| 043 | |an-cn--- |
| 086 | 1 |aCS51-501/1993F-PDF |
| 245 | 02|aL'aviation au Canada |h[ressource électronique] : |baperçu historique et statistique de l'aviation civile / |cStatistique Canada, Division des transports, Centre des statistiques de l'aviation. |
| 260 | |aOttawa : |bStatistique Canada, |c1993. |
| 300 | |a226 p. : |bmaps, photographies, graphiques, ill. |
| 500 | |aPubl. aussi en anglais sous le titre : Aviation statistics. |
| 500 | |a« Publication autorisée par le ministre responsable de Statistique Canada. » |
| 504 | |aComprend des références bibliographiques. |
| 520 | |a« L'aviation au Canada : aperçu historique et statistique de I'aviation civile présente un bilan analytique des derniers événements survenus jusqu'en 1992 et un bilan historique de I'industrie du transport aérien qui couvre 75 ans. » |
| 692 | 07|2gccst|aAviation civile |
| 692 | 07|2gccst|aStatistiques |
| 710 | 2 |aStatistique Canada. |
| 775 | 08|tAviation in Canada |w(CaOODSP)9.825260 |
| 776 | 0#|tL'aviation au Canada : |w(CaOODSP)9.678462 |
| 856 | 40|qPDF|s24.06 Mo|uhttps://publications.gc.ca/collections/collection_2016/statcan/CS51-501-1993-fra.pdf |